Costa Rica First Level Subdivisions - Statistics

General Stats
  • This quiz has been taken 160 times
  • The average score is 5 of 7
Answer Stats
Provincias % Correct
San José
99%
Limón
71%
Heredia
64%
Puntarenas
64%
Cartago
60%
Alajuela
57%
Guanacaste
57%
No matching quizzes found
Score Distribution
Percent of People with Each Score
Percentile by Number Answered
Your Score History
You have not taken this quiz